Harry Potter - 12 insultes de Mrs Black - Statistiques

Statistiques générales
  • Ce quiz a été pris 65 fois
  • Le résultat moyen est 2 sur 12
Answers on the Grid
Answers color-coded by a green-red scale on the quiz's grid according to % correct below.
Vermine !
Traîtres à votre sang !
Souillures !
Scélérats !
Sang impur !
Sang de Bourbe !
Saleté !
Résidus de pourriture et d'abjection !
Ordures !
Mutants !
Monstres !
Malotrus !
Intrus impurs !
Immondices !
Immondes bâtards !
Ignominie !
Horreurs répugnantes !
Honte de ma chair et de mon sang
Honte de la famille !
Enfants indignes !
Déjections de troll !
Créatures infâmes !
Abomination !
Vils marauds !
 
Statistiques - réponses
Réponse % Correct
Vermine !
43%
Sang de Bourbe !
36%
Traîtres à votre sang !
32%
Abomination !
25%
Saleté !
25%
Honte de ma chair et de mon sang
21%
Résidus de pourriture et d'abjection !
18%
Créatures infâmes !
14%
Immondes bâtards !
11%
Enfants indignes !
7%
Monstres !
7%
Mutants !
4%
Aucun quiz correspondant
Distribution des résultats
% des personnes avec chaque résultat
Percentile par nombre de réponses
Votre historique - résultats
Vous n’avez pas pris ce quiz